| 000 | 00724nam a2200241 4500 | ||
|---|---|---|---|
| 003 | OSt | ||
| 005 | 20260601193848.0 | ||
| 008 | 260420b1979 mx a|||| |||| 00| 0 spa d | ||
| 020 | _a9682407214 | ||
| 040 |
_aICI _bspa _cICI |
||
| 050 |
_aNA2750 _bW58 |
||
| 100 | 1 | _a White, Edward T. | |
| 245 | 1 |
_aManual de Conceptos de Formas Arquitectónicas _cEdward t. White ; traduccion Federico patan López |
|
| 264 |
_bEditorial Trillas _c1979 _aMéxico |
||
| 300 | _a201 páginas | ||
| 336 |
_atexto _2rdacontent |
||
| 337 |
_asin medio _2rdamedia |
||
| 338 |
_avolumen _2rdacarrier |
||
| 650 | _a Dibujo arquitectónico | ||
| 650 | _aDiseño arquitectónico | ||
| 650 |
_a Arquitectura _vDiseños y planos |
||
| 942 |
_2ddc _cB |
||
| 999 |
_c21742 _d21742 |
||